000
00248nam a2200097Ia 4500
008
220204s9999 xx 000 0 und d
082
_a
054.124
_b
TEC
245
0
_a
Techniques of chemistry. V 3. Photochromism
260
_a
New York
_b
Wiley
942
_c
BK
999
_c
30603
_d
30603